Электронный датчик счётчика; Прогрессивные технологии и экономика в машиностроении; Т. 1

Dades bibliogràfiques
Parent link:Прогрессивные технологии и экономика в машиностроении: труды II Всероссийской научно-практической конференции, 29-30 апреля 2004 года, Юрга/ Томский политехнический университет; Прогрессивные технологии и экономика в машиностроении; под ред. О. Ю. Ретюнского.— , 2004
Т. 1.— 2004.— С. 161
Autor principal: Валентов А. В. Александр Викторович
Altres autors: Лелюх Б. Ф. Борис Фёдорович
Idioma:rus
Publicat: 2004
Matèries:
Format: MixedMaterials Capítol de llibre
KOHA link:https://koha.lib.tpu.ru/cgi-bin/koha/opac-detail.pl?biblionumber=215571

MARC

LEADER 00000naa2a2200000 4500
001 215571
005 20231031193934.0
035 |a (RuTPU)RU\TPU\book\235499 
090 |a 215571 
100 |a 20120514d2004 k y0rusy50 ca 
101 0 |a rus 
102 |a RU 
200 1 |a Электронный датчик счётчика  |f А. В. Валентов, Б. Ф. Лелюх 
461 0 |0 (RuTPU)RU\TPU\book\119005  |t Прогрессивные технологии и экономика в машиностроении  |o труды II Всероссийской научно-практической конференции, 29-30 апреля 2004 года, Юрга  |f Томский политехнический университет; Прогрессивные технологии и экономика в машиностроении; под ред. О. Ю. Ретюнского  |d 2004 
463 0 |0 (RuTPU)RU\TPU\book\118383  |t Т. 1  |v С. 161  |d 2004  |p 200 с. 
610 1 |a приборы учета 
610 1 |a счетчики 
610 1 |a датчики контроля 
610 1 |a бесконтактный контроль 
610 1 |a электронные датчики 
610 1 |a светочувствительные схемы 
610 1 |a труды учёных ТПУ 
700 1 |a Валентов  |b А. В.  |c российский учёный в области агроинженерии  |c старший преподаватель Юргинского технологического института (филиал) Томского политехнического университета  |g Александр Викторович  |2 stltpush  |3 (RuTPU)RU\TPU\pers\25602 
701 1 |a Лелюх  |b Б. Ф.  |c российский учёный в области машиностроения  |c доцент Юргинского технологического института (филиал) Томского политехнического университета  |g Борис Фёдорович  |2 stltpush  |3 (RuTPU)RU\TPU\pers\25609 
801 1 |a RU  |b 63413507  |c 20120514 
942 |c BK